Spell the Marvel Character #193 - Statistics

General Stats
  • This quiz has been taken 12 times
  • The average score is 13 of 14
Answer Stats
Picture Answer % Correct
America Chavez
100%
American Dream
100%
Angel
100%
Captain Britain
100%
Doc Samson
100%
Elektra
100%
Iron Lad
100%
Man-Thing
100%
Ms. Marvel
100%
Rocket Raccoon
100%
Rogue
100%
Excalibur
90%
Night Thrasher
90%
Aurora
40%
No matching quizzes found
Score Distribution
Percent of People with Each Score
Percentile by Number Answered
Your Score History
You have not taken this quiz